000 00362nam a2200133 i 4500
001 bg
245 0 _aTradycja i przemiana.
260 _aPoznaƄ,
_c1978.
040 _cBPK
041 _apol
942 _cKS
008 s pl f |000 0 pol
856 _uhttp://koha.tu.koszalin.pl/cgi-bin/koha/opac-detail.pl?biblionumber=18094
_yKatalog online BPK
999 _c18094
_d18094